RCM : gateway to world class maintenance /
Reliability-Centered Maintenance provides valuable insights into current preventive maintenance practices and issues, while explaining how a transition from the current "preserve equipment" to "preserve function" mindset is the key ingredient in a maintenance optimization strateg...
| Main Author: | |
|---|---|
| Other Authors: | |
| Format: | eBook |
| Language: | English |
| Published: |
Amsterdam ; Boston :
Elsevier Butterworth-Heinemann,
[2004]
|
| Subjects: | |
| Online Access: | Connect to the full text of this electronic book Publisher description Table of contents |
MARC
| Tag | First Indicator | Second Indicator | Subfields |
|---|---|---|---|
| LEADER | 00000cam a2200000Ia 4500 | ||
| 001 | in00002425168 | ||
| 006 | m d | ||
| 007 | cr cn||||||||| | ||
| 008 | 070806s2004 ne a sb 001 0 eng d | ||
| 005 | 20260609193451.3 | ||
| 020 | |a 9780750674614 | ||
| 020 | |a 075067461X | ||
| 035 | |a (OCoLC)162592170 | ||
| 037 | |a 94674:94673 |b Elsevier Science & Technology |n http://www.sciencedirect.com | ||
| 040 | |a OPELS |c OPELS |d UtOrBLW | ||
| 049 | |a TEFA | ||
| 050 | 1 | 4 | |a TS192 |b .S655 2004eb |
| 082 | 0 | 4 | |a 658.2 |2 22 |
| 100 | 1 | |a Smith, Anthony M. | |
| 245 | 1 | 0 | |a RCM : |b gateway to world class maintenance / |c Anthony M. Smith and Glenn R. Hinchcliffe. |
| 264 | 1 | |a Amsterdam ; |a Boston : |b Elsevier Butterworth-Heinemann, |c [2004] | |
| 264 | 4 | |c ©2004 | |
| 300 | |a xxiii, 337 pages : |b illustrations ; |c 24 cm. | ||
| 336 | |a text |b txt |2 rdacontent | ||
| 337 | |a computer |b c |2 rdamedia | ||
| 338 | |a online resource |b cr |2 rdacarrier | ||
| 533 | |a Electronic reproduction. |b Amsterdam : |c Elsevier Science & Technology, |d 2007. |n Mode of access: World Wide Web. |n System requirements: Web browser. |n Title from title screen (viewed on Aug. 2, 2007). |n Access may be restricted to users at subscribing institutions. | ||
| 520 | |a Reliability-Centered Maintenance provides valuable insights into current preventive maintenance practices and issues, while explaining how a transition from the current "preserve equipment" to "preserve function" mindset is the key ingredient in a maintenance optimization strategy. This book defines the four principal features of RCM and describes the nine essential steps to achieving a successful RCM program. There is an easy to follow example illustrating the Classical RCM systems analysis process using the water treatment system for a swimming pool. As well as the use of software in the system analysis process, making a specific recommendation on a software product to use. Additionally, this new edition possesses an appendix devoted to discussing an economic model that has been used successfully to decide the most cost effective use of maintenance. Top Level managers, engineers, and especially technicians who rely on PM programs in their plant operations can't afford to miss this inclusive guide to Reliability-Centered Maintenance. *Includes detailed instructions for implementing and sustaining an RCM program for extremely cost effective manufacturing *Presents seven real-world cross-industry RCM success case studies that have profited from this plan *Provides essential information on how RCM focuses your maintenance organization to become a recognized "center for profit" *Offers over 35 accumulated years of the authors' experiences in Lessons Learned for the proper use of RCM (and pitfalls to avoid). | ||
| 505 | 0 | |a A World Class Maintenance Program; A Key Maintenance Strategy; The "R" in RCM - Pertinent Reliability; Preventive Maintenance Definition and Structure; RCM - A Proven Approach; Classical RCM Methodology - The Systems Analysis Process; Illustrating Classical RCM - A Simple Example; Alternate Analysis Methods; Implementation - Carrying RCM to the Floor; RCM Lessons Learned; The Living RCM Program; Software Support - RCM Worksaver; Illustrating RCM Use In Industry. | |
| 504 | |a Includes bibliographical references (pages 331-333) and index. | ||
| 500 | |a Electronic resource. | ||
| 650 | 0 | |a Plant maintenance. | |
| 650 | 0 | |a Reliability (Engineering) | |
| 650 | 0 | |a Maintainability (Engineering) | |
| 650 | 6 | |a Usines |x Entretien. | |
| 650 | 6 | |a Fiabilité. | |
| 650 | 6 | |a Maintenabilité. | |
| 655 | 7 | |a Electronic books. |2 local | |
| 700 | 1 | |a Hinchcliffe, Glenn R. | |
| 730 | 0 | |a Referex. | |
| 776 | 1 | |c Original |z 075067461X |z 9780750674614 |w (DLC) 2003062766 |w (OCoLC)52970327 | |
| 856 | 4 | 0 | |u http://proxy.library.tamu.edu/login?url=https://www.sciencedirect.com/science/book/9780750674614 |z Connect to the full text of this electronic book |t 0 |
| 856 | 4 | 2 | |3 Publisher description |u http://www.loc.gov/catdir/description/els041/2003062766.html |t 0 |
| 856 | 4 | 2 | |3 Table of contents |u http://www.loc.gov/catdir/toc/els041/2003062766.html |t 0 |
| 994 | |a C0 |b TEF | ||
| 999 | |a MARS | ||
| 999 | f | f | |s c8801bf5-41c0-3069-817c-9e25b80ddabf |i a386eaa1-476d-36ff-9a99-0b0b3e43f08f |t 0 |
| 952 | f | f | |a Texas A&M University |b College Station |c Electronic Resources |s www_evans |d Available Online |t 0 |e TS192 .S655 2004eb |h Library of Congress classification |
| 998 | f | f | |a TS192 .S655 2004eb |t 0 |l Available Online |